| 000 | 01124nam a2200361 a 4500 | ||
|---|---|---|---|
| 003 | AR-BaBNM | ||
| 005 | 20251128210354.0 | ||
| 008 | 082120s2002 ||||||||||||||000 | spa|| | ||
| 020 | _a987-9336-40-2 | ||
| 040 | _cAR-BaBNM | ||
| 245 | 0 | 0 |
_aHipólito Yrigoyen _bla fuerza de la ética |
| 260 |
_aBuenos Aires _bCírculo de Legisladores de la Nación Argentina _c1999 |
||
| 300 | _a95 p. | ||
| 490 | 0 |
_aVidas, ideas y obras de los legisladores argentinos _vv. 49 |
|
| 500 | _aContiene textos parlamentarios de Hipólito Yrigoyen | ||
| 504 | _aBibliografía p. 49 | ||
| 600 | 1 | 4 | _aYrigoyen, Hipólito |
| 600 | 1 | 4 | _aJuarez Celman, Miguel |
| 600 | 1 | 4 | _aRoca, Julio A. |
| 650 | 4 | _aHISTORIA ARGENTINA | |
| 650 | 4 | _aBIOGRAFIAS | |
| 650 | 4 | _aHISTORIA POLITICA ARGENTINA | |
| 650 | 4 | _aLEGISLACION ARGENTINA | |
| 650 | 4 | _aSIGLO VEINTE | |
| 650 | 4 | _aPARTIDOS POLITICOS ARGENTINOS | |
| 650 | 4 | _aHISTORIA ECONOMICA | |
| 650 | 4 | _aHISTORIA SOCIAL | |
| 655 | _aBIOGRAFIAS | ||
| 700 | 1 |
_aMoreno Hueyo, Guillermo _eprologuista |
|
| 800 | 1 |
_aMárquez, Alfonso Carlos _edirector |
|
| 942 | _cBK | ||
| 998 | _cMariana | ||
| 999 |
_c15191 _d15191 |
||